| 000 | 00438nam a2200181Ia 4500 | ||
|---|---|---|---|
| 001 | 2858 | ||
| 005 | 20260306144838.0 | ||
| 008 | 260306t2010||||xx |||||||||||||| ||spa|| | ||
| 041 | _aESP | ||
| 082 |
_a230.2092 _bO71 |
||
| 100 |
_aOroz Reta, José [Dir] _eAUT |
||
| 245 | 0 | _aEl pensamiento de san Agustín para el hombre de hoy | |
| 260 | _c2010 | ||
| 300 |
_a _c22 cm. |
||
| 650 | _aGEN | ||
| 654 | _aCHU | ||
| 942 |
_cLIB _dJUS _fJUS _2ddc _n |
||
| 999 |
_c2858 _d2858 |
||